| 000 | 01009nam a22002777a 4500 | ||
|---|---|---|---|
| 999 |
_c64851 _d64851 |
||
| 005 | 20240530110754.0 | ||
| 008 | 181226s2017 ua c f 000 |aara d | ||
| 017 |
_a2017/17261 _bمصر. دار الكتب |
||
| 020 | _a9789770934357 | ||
| 040 |
_aEG-CaGPL _cEG-CaGPL |
||
| 082 | 0 | 4 |
_221 _a923.2 / _bق/ع ك |
| 100 | 0 | _aعمرو موسى | |
| 245 | 1 | 0 |
_aكتابية : _bالكتاب الاول : النشأة وسنوات الدبلوماسية / _cعمرو موسى |
| 250 | _aط.1 | ||
| 260 |
_aالقاهرة : _bدار الشروق ، _c2017. |
||
| 300 |
_a658 ص. : _bصور ؛ _c24 سم. |
||
| 600 | 0 |
_aعمرو موسى _vتراجم |
|
| 650 | 0 | 7 |
_2qrmak _aالاحوال السياسية |
| 650 | 0 | 7 |
_2qrmak _aالمذكرات |
| 650 | 0 | 7 |
_2qrmak _aالدبلوماسية |
| 650 | 0 | 7 |
_2qrmak _aالدبلوماسيون |
| 651 | 0 | 7 |
_2qrmak _aمصر _xتاريخ |
| 651 | 0 | 7 |
_2qrmak _aمصر _xالاحوال السياسية |
| 942 |
_2ddc _cBK |
||